00687 a2200181 450000100060000002000180000604000220002410000220004624000820006824500770015030000070022736200090023465000230024394200070026695201140027395201010038799900170048862419 a9788526012561 cAnchieta - Pituba aMunduruku, Daniel10aOutras tantas histórias indígenas de origem das coisas e do universolpor10aOutras tantas histórias indígenas de origem das coisas e do universo a450 a2008 4aLiteratura juvenil cBK 00104070a91.1b91.1d2023-11-21l0oLJ 028.5 M965o MUN OUTp15302/PITr2023-11-21 18:30:53w2023-11-21yBK 00104070a12.29b12.29d2024-03-27l0o028.5 M928op2A473r2024-03-27 22:40:20w2024-03-27yBK c62419d62419